Carribean islands - Map - Statistics

General Stats
  • This quiz has been taken 834 times
  • The average score is 17 of 144
Answers on the Map
Answers color-coded by a green-red scale on the quiz's map according to % correct below.
 
Answer Stats
Answer % Correct
Cuba
94%
Jamaica
79%
Trinidad
73%
Dominica
70%
Saint Christopher
67%
Saint Lucia
67%
Barbados
66%
Saint Vincent
65%
Antigua
64%
Puerto Rico
62%
Grenada
61%
Tobago
55%
Aruba
51%
Hispaniola
51%
Curaçao
48%
Barbuda
47%
Nevis
43%
Martinique
40%
Saint Martin
37%
Bonaire
34%
Montserrat
28%
Anguilla
27%
Florida Keys
19%
Saba
18%
Saint Barthélemy
17%
Sint Eustatius
14%
Grand Bahama
13%
Basse-Terre
12%
Grand Cayman
12%
Saint John
12%
Saint Thomas
12%
Margarita Island
10%
Saint Croix
10%
Grande-Terre
9%
La Tortuga Island
9%
Tortuga Island
9%
Isla de la Juventud
8%
Cat Island
7%
Cozumel
7%
Grand Turk
7%
Little Cayman
7%
San Andrés
6%
San Juan Islet
6%
Cayo Agua
5%
Marie-Galante
5%
New Providence
5%
Tortola
5%
Vieques
5%
Virgin Gorda
5%
Anegada
4%
Bimini Islands
4%
Cayman Brac
4%
Cayo Largo del Sur
4%
East Caicos
4%
Gonâve Island
4%
Isla Culebra
4%
Klein Bonaire
4%
Middle Caicos
4%
Navassa Island
4%
North Andros
4%
San Salvador
4%
South Andros
4%
West Caicos
4%
Blanquilla
3%
Carriacou
3%
Cayo Coco
3%
Eleuthera
3%
Great Abaco
3%
Isla Mujeres
3%
Jost Van Dyke
3%
La Désirade
3%
La Orchila Island
3%
Las Roques Archipelago
3%
Long Island
3%
Mustique
3%
North Caicos
3%
Providenciales
3%
Roatán
3%
Ronde Island
3%
Salt Cay
3%
Saona Island
3%
South Caicos
3%
Terre-de-Bas
3%
Terre-de-Haut
3%
Union Island
3%
Acklins
2%
Bequia
2%
Canouan
2%
Catalina Island
2%
Cayo Cruz
2%
Cayo Romano
2%
Coche
2%
Colón Island
2%
Crooked Island
2%
Cubagua Island
2%
Great Exuma
2%
Great Inagua
2%
Isla de Aves
2%
Las Aves Archipelago
2%
Mangrove Cay
2%
Mayaguana
2%
Mona Island
2%
Petite Martinique
2%
Rum Cay
2%
Santa Catalina
2%
Ambergris Caye
1%
Bastimentos Island
1%
Beata Island
1%
Big Corn Island
1%
Brava Island
1%
Calero Island
1%
Cayo Fragoso
1%
Cayo Guillermo
1%
Cayo Saetía
1%
Conception Island
1%
Cristóbal Island
1%
Grande Cayemite
1%
Great Harbour Cay
1%
Great Swan Island
1%
Guanaja
1%
Île-à-Vache
1%
Isla de Providencia
1%
Jumentos Cays
1%
Little Corn Island
1%
Little Exuma
1%
Little Inagua
1%
Little Ragged Island
1%
Little San Salvador
1%
Little Swan Island
1%
Long Cay
1%
Mayreau
1%
Miskitos Cays
1%
Petite Cayemite
1%
Popa Island
1%
Portillos Island
1%
Ragged Island
1%
Samana Cay
1%
Solarte Island
1%
Tierra Bomba
1%
Turneffe Atoll
1%
Utila
1%
Cayo Guajaba
0%
Cayo Sabinal
0%
Jardines de la Reina
0%
No matching quizzes found
Score Distribution
Percent of People with Each Score
Percentile by Number Answered
Your Score History
You have not taken this quiz